Najpopularniejsze sklepy odzieżowe w Polsce - Statystyki

Ogólne statystyki
  • Ten quiz został rozwiązany 50 razy
  • Średni wynik to 3 z 11
Statystyki odpowiedzi
Liczba sklepów Sklep odzieżowy % Poprawnych
1000 Pepco
65%
165 House
54%
450 CCC
43%
200 Cropp
38%
233 Deichmann
30%
274 4F
24%
270 Diverse
24%
220 Big Star
11%
170 Vistula
5%
220 5. 10. 15.
3%
191 Orsay
3%
Nie znaleziono quizów pasujących do podanych kryteriów
Rozkład punktacji
Procent ludzi z każdym wynikiem
Percentyl według liczby udzielonych odpowiedzi
Twoja historia wyników
Nie rozwiązałeś tego quizu